The unravelling : (Record no. 78841)
[ view plain ]
| 000 -LEADER | |
|---|---|
| fixed length control field | 01429nam a22002897a 4500 |
| 005 - DATE AND TIME OF LATEST TRANSACTION | |
| control field | 20130916154812.0 |
| 010 ## - LCCN (DPL NO) | |
| LC control number | ENG-108428 |
| 020 ## - INTERNATIONAL STANDARD BOOK NUMBER | |
| Terms of availability | 399.00 |
| International Standard Book Number | 9780230768093 |
| 035 ## - SYSTEM CONTROL NUMBER | |
| System control number | EN-91961 |
| 037 ## - SOURCE OF ACQUISITION | |
| Source of stock number/acquisition | DBAD/PUB |
| 082 ## - DEWEY DECIMAL CLASSIFICATION NUMBER | |
| Classification number | 270.72 |
| 100 ## - MAIN ENTRY--PERSONAL NAME | |
| Personal name | Schmidt, John R. |
| 245 ## - TITLE STATEMENT | |
| Title | The unravelling : |
| Statement of responsibility, etc | by John R. Schmidt |
| Remainder of title | Pakistan in the age of Jihad / |
| 260 ## - PUBLICATION, DISTRIBUTION, ETC. (IMPRINT) | |
| Place of publication, distribution, etc | Gurgaon |
| Name of publisher, distributor, etc | Macmillan |
| Date of publication, distribution, etc | 2012 |
| 270 ## - ADDRESS | |
| Address | 3A, 4th Floor, DLF Corporate Park, |
| City | Gurgaon |
| Postal code | 122002 |
| 300 ## - PHYSICAL DESCRIPTION | |
| Extent | 282p. |
| Dimensions | 22cm(pbk) |
| 500 ## - GENERAL NOTE | |
| General note | Includes bibliographical references and index |
| 505 ## - FORMATTED CONTENTS NOTE | |
| Formatted contents note | An improbable state -- The feudals and the army -- Religion, Zia, and the anti-Soviet jihad in Afghanistan -- Kashmir, India, and the institutionalization of jihad -- The Taliban, Bin Laden, and the road to 9/11 -- The tribal areas, 9/11, and the rise of the Pakistani Taliban -- Lal Masjid, army failures, and the domestic terrorism campaign -- Mumbai, the Buner moment, and troubles with the U.S. -- The shape of things to come -- The final unraveling. |
| 610 ## - SUBJECT ADDED ENTRY--CORPORATE NAME | |
| Corporate name or jurisdiction name as entry element | Pakistan |
| Subordinate unit | Army. |
| 650 ## - SUBJECT ADDED ENTRY--TOPICAL TERM | |
| Topical term or geographic name as entry element | Political culture |
| Geographic subdivision | Pakistan. |
| 650 ## - SUBJECT ADDED ENTRY--TOPICAL TERM | |
| Topical term or geographic name as entry element | Feudalism |
| General subdivision | Political aspects |
| Geographic subdivision | Pakistan. |
| 650 ## - SUBJECT ADDED ENTRY--TOPICAL TERM | |
| Topical term or geographic name as entry element | Political leadership |
| Geographic subdivision | Pakistan. |
| 650 ## - SUBJECT ADDED ENTRY--TOPICAL TERM | |
| Topical term or geographic name as entry element | Islamic fundamentalism |
| Geographic subdivision | Pakistan. |
| 650 ## - SUBJECT ADDED ENTRY--TOPICAL TERM | |
| Topical term or geographic name as entry element | Jihad |
| General subdivision | Political aspects |
| Geographic subdivision | Pakistan. |
| 650 ## - SUBJECT ADDED ENTRY--TOPICAL TERM | |
| Topical term or geographic name as entry element | Terrorism |
| General subdivision | Government policy |
| Geographic subdivision | Pakistan. |
| 942 ## - ADDED ENTRY ELEMENTS (KOHA) | |
| Source of classification or shelving scheme | Dewey Decimal Classification |
| Item type | English Books |
| Call number suffix | SCH |
| Classification part | 270.72 |
| Withdrawn status | Lost status | Not for loan | Collection code | Home library | Current library | Date acquired | Source of acquisition | Cost, normal purchase price | Full call number | Barcode | Copy number | Cost, replacement price | Koha item type |
|---|---|---|---|---|---|---|---|---|---|---|---|---|---|
| Not For Loan | Non-fiction | D.B.Act.Division | D.B.Act.Division | 27/08/2013 | DBAD / PUB | 399.00 | 270.72 SCH | EN-91961 | 1 | 399.00 | English Books |
